2023 College Basketball AP Poll - Statistics

General Stats
  • This quiz has been taken 183 times
  • The average score is 14 of 26
Answer Stats
Hint Answer % Correct
L 2 Duke
89%
O 1 Kansas
87%
E 6 UConn
80%
E 4 Michigan St
79%
A 18 Alabama
76%
L 3 Purdue
74%
N 19 Kentucky
73%
S 9 Houston
66%
K 20 Texas
66%
20 24 UCLA
63%
E 11 Arizona
62%
T 12 Gonzaga
62%
B 7 Tennessee
60%
R 17 USC
60%
L 16 Baylor
59%
G 23 Illinois
57%
G 5 Marquette
52%
N 22 Villanova
52%
B 13 Miami
51%
L 15 Arkansas
47%
A 8 Creighton
45%
23 25 Colorado
31%
I 21 NC
27%
C Ranking Team
6%
A 14 Texas AandM
5%
K 10 FL Atlantic
1%
No matching quizzes found
Score Distribution
Percent of People with Each Score
Percentile by Number Answered
Your Score History
You have not taken this quiz